Datum a čas kvízu

45.5 Celkem bodů Celkový počet nahraných bodů na tomto kvízu bez doplňovacích otázek.
6. Pořadí na kvízu Konečné umístění týmu na tomto kvízu.

Zaznamenané odpovědi

# Otázka Odpověď Body Výsledky
1. Minulý týden byl jistý 37letý... Mikuláš Ferjenčík, Jiří Strach 1
2. Jeden turista zveřejnil video... v Číně 1
3. Ve čtvrtek měl v českých kinec... Mizerové: Na život a na smrt 1
4. Italská společnost, která je t... Ferrero, Nutella 1
5. Jaroslav Svejkovský se stal po... Vancouver Canucks 1
6. Dostanete vždy pět indicií, kt... Anna Kareninová/Karenina 1
7. Irsko – strom – Estragon – Nob... Čekání na Godota 1
8. Irving – cider – gynekolog – T... Pravidla moštárny 1
9. 3 sirotci – nevyléčitelná nemo... Román pro muže 1
10. Karviná – kronika – sv. Petr... Šikmý kostel 1